| 000 -CABECERA |
| fixed length control field |
01039nam a22002177a 4500 |
| 003 - IDENTIFICADOR DEL NÚMERO DE CONTROL |
| control field |
AR-CdUCM |
| 008 - DATOS DE LONGITUD FIJA--INFORMACIÓN GENERAL |
| fixed length control field |
190319b ||||| |||| 00| 0 spa d |
| 040 ## - FUENTE DE LA CATALOGACIÓN |
| Agencia/entidad que catalogó originalmente la obra |
MUNICIPALIDAD PROVINCIAL DEL CUSCO |
| Entidad que transcribió la catalogación |
BIBLIOTECA MUNICIPAL DEL CUSCO |
| 082 ## - NÚMERO DE LA CLASIFICACIÓN DECIMAL DEWEY |
| No. de Clasificación |
620.11 / |
| Notacion interna |
S57 |
| 100 ## - ENTRADA PRINCIPAL--NOMBRE DE PERSONA |
| Nombre Personal |
Singer, Ferdinand L. |
| 245 ## - MENCIÓN DE TÍTULO |
| Título |
Resistencia de Materiales / |
| 260 ## - PUBLICACIÓN, DISTRIBUCIÓN, ETC. |
| Lugar de publicación, distribución, etc. |
México : |
| Nombre de la editorial, distribuidor, etc. |
Harla , |
| Fecha de publicación, distribución, etc. |
1817. |
| 300 ## - DESCRIPCIÓN FÍSICA |
| Nº de Páginas Extensión |
560 páginas ; |
| Dimensiones |
23 cm. |
| 505 ## - NOTA DE CONTENIDO CON FORMATO |
| Nota de contenido formateada |
Contenido : Esfuerzo Simple -- Deformacion Simple -- Torsion -- Fuerza cortante y momento flexionante en vigas -- esfuerzo en vigas -- deformacion en vigas -- vigas estaticamente indeterminadas -- Vigas continuas -- esfuerzos combinados -- Vigas reforzadas - Columnas -- Uniones remachadas y soldadas -- Temas Especiales -- Comportamiento Inelástico -- A momento de inercia -- Tablas... |
| 650 ## - PUNTO DE ACCESO ADICIONAL DE MATERIA--TÉRMINO DE MATERIA |
| Descriptor |
Vigas y resistencia |
| 9 (RLIN) |
19594 |
| 650 ## - PUNTO DE ACCESO ADICIONAL DE MATERIA--TÉRMINO DE MATERIA |
| Descriptor |
Resistencia de Materiales |
| 9 (RLIN) |
19595 |
| 650 ## - PUNTO DE ACCESO ADICIONAL DE MATERIA--TÉRMINO DE MATERIA |
| Descriptor |
Construccion y Estructuras |
| 9 (RLIN) |
19596 |
| 700 ## - PUNTO DE ACCESO ADICIONAL--NOMBRE DE PERSONA |
| Nombre Personal |
Sndrew Pytel |
| 9 (RLIN) |
19597 |
| 942 ## - ELEMENTOS DE PUNTO DE ACCESO ADICIONAL (KOHA) |
| Fuente de clasificación |
|
| Tipo de item |
Libros-BMC |
| 945 ## - PROCESAMIENTO DE INFORMACIÓN LOCAL (OCLC) |
| Catalogador |
rtm |